| 000 | 00759nam a2200253Ia 4500 | ||
|---|---|---|---|
| 008 | 160803s9999 xx 000 0 und d | ||
| 020 | _a0439798809 (paperback) | ||
| 100 | _aZeifert, Harriet | ||
| 245 | _aYou can't see your bones with binoculars : | ||
| 245 | _ba guide to your 206 bones / | ||
| 245 | _cHarriet Ziefert ; pictures by Amanda Haley. | ||
| 260 | _aNew York : | ||
| 260 | _bScholastic Inc. | ||
| 260 | _c2003 | ||
| 300 | _aunnumbered pages : | ||
| 300 | _bcolor illustrations ; | ||
| 300 | _c26 cm | ||
| 500 | _aOriginally published: Maplewood, N.J. : Blue Apple Books, 2003. | ||
| 650 | _aBones -- | ||
| 650 | _aHuman skeleton -- | ||
| 650 | _xJuvenile literature. | ||
| 650 | _xJuvenile literature. | ||
| 700 | _a920 | ||
| 999 |
_c299762 _d299762 |
||